00279nam a2200133Ia 45000030006000000080041000060400015000471000017000622450018000792500010000972600009001075460012001160050017001280STCL150530s9999 xx 000 0 und d aSTCLcSTCL aJacobs, W.W. aSailors knots aTenth c1932 aEnglish20220125171021.0